Los orígenes de la sociología como una ciencia social en Costa Rica y la contribución de Eugenio Fonseca Tortós
Contenido: Introducción. Origen y desarrollo de la sociología en Costa Rica: algunas propuestas de periodización. Algunos "Pensadores" en Costa Rica: Mario Sancho y su crítica de la República Liberal-Oligárquica. Luis Barahona Jiménez y su visión interna del campesinbado costarricense. Eug...
Wedi'i Gadw mewn:
| Prif Awdur: | |
|---|---|
| Awduron Eraill: | , |
| Fformat: | Anhysbys |
| Cyhoeddwyd: |
San José:
EUNED. EUCR
|
| Cyfres: | Eugenio Fonseca Tortós. Selección de su obra sociológica
|
| Pynciau: | |
| Tagiau: |
Ychwanegu Tag
Dim Tagiau, Byddwch y cyntaf i dagio'r cofnod hwn!
|
MARC
| LEADER | 00000 a2200000 04500 | ||
|---|---|---|---|
| 001 | 19500 | ||
| 003 | cru CIDCACS/IIS | ||
| 005 | 20170930062530.0 | ||
| 008 | 991231s d | ||
| 040 | |c cru CIDCACS/IIS | ||
| 090 | |a 05.01.02 E87e. T.3 | ||
| 100 | 1 | |9 4194 |a Rovira Mas, Jorge | |
| 245 | |a Los orígenes de la sociología como una ciencia social en Costa Rica y la contribución de Eugenio Fonseca Tortós |c Jorge Rovira Mas, José Luis Vega Caraballo y Fernando Bolaños Baldioceda | ||
| 260 | |a San José: |b EUNED. EUCR | ||
| 300 | |a 821-897; T. 2 | ||
| 440 | 0 | |9 4196 |a Eugenio Fonseca Tortós. Selección de su obra sociológica | |
| 520 | |a Contenido: Introducción. Origen y desarrollo de la sociología en Costa Rica: algunas propuestas de periodización. Algunos "Pensadores" en Costa Rica: Mario Sancho y su crítica de la República Liberal-Oligárquica. Luis Barahona Jiménez y su visión interna del campesinbado costarricense. Eugenio Rodríguez Vega y sus apuntes de sociología costarricense. Breve apreciación de conjunto. La "Sociología Científica" en Costa Rica. Algunos aspectos de la contribución de Eugenio Fonseca Tortós | ||
| 650 | |a SOCIOLOGIA | ||
| 650 | 1 | 0 | |a CIENCIAS SOCIALES |9 75 |
| 650 | 1 | 0 | |a EUGENIO FONSECA TORTOS |9 4390 |
| 700 | |a | ||
| 700 | |a Vega Carballo, José Luis | ||
| 700 | |a | ||
| 700 | |a Bolaños Baldioceda, Fernando | ||
| 700 | |a | ||
| 942 | |2 ddc |c LI | ||
| 773 | 0 | |0 28 |9 522 |a Rovira Mas, Jorge |d San José: EUNED. EUCR |o 17954 |t Estratificación social, movilidad social y planificación familiar, y ensayos en honor a Eugenio |w (cru CIDCACS/IIS)19491 |z 996831111 | |
| 999 | |c 12059 |d 12059 | ||
